000
00248nam a2200097Ia 4500
001
759935
005
20250826165139.0
008
250824s9999 xx 000 0 und d
245
0
_a
GÖKKUŞAĞINI YAKALAMAK
_c
KATHLEEN LONG
260
_b
ARKADYA YAYINLARI
999
_c
759935
_d
759935